000 00740nam a2200241 a 4500
008
020 _a0030410169 (pbk.)
049 _aMAIN
090 _aHD5710
100 1 _aMorley, Samuel A.
245 1 0 _aInflation and unemployment /
_cSamuel A. Morley.
250 _a2nd ed.
260 _aHinsdale, Ill. :
_bDryden Press,
_c1979.
300 _axii, 194 p. ;
_c24 cm.
500 _aFirst published in 1971 under title: The economics of inflation.
504 _aIncludes bibliographical references.
650 0 _aUnemployment
_xEffect of inflation on.
907 _a.b10053207
_b19-07-03
_c17-04-03
003
005 20230123133228.0
040 _cNUST
942 _cBOOKS
_kHD5710
999 _c144966
_d144966